| 000 | 00783nam a2200241Ia 4500 | ||
|---|---|---|---|
| 003 | GCL | ||
| 008 | 140319s9999 xx 000 0 ara d | ||
| 040 |
_aGCL / _cGCL |
||
| 082 | 0 | 4 |
_a792.025 _bا ا |
| 100 | 1 | _aاحمد زكى | |
| 245 | 1 | 0 |
_aالاخراج المسرحى دراسة فى عبقرية الابداع المدارس والمناهج / _cاحمد زكى |
| 260 |
_a[S.N] : _bالهيئة المصرية العامة للكتاب ، _c1989 |
||
| 300 | _a279 ص | ||
| 490 | _a | ||
| 650 | 0 | 4 | _aالاخراج المسرحى |
| 650 | 0 | 4 | _aالمسرح |
| 650 | 0 | 4 | _aالمسرحيات |
| 650 | 0 | 4 | _aالفنون المسرحية |
| 650 | 0 | 4 | _aنماذج |
| 650 | 0 | 4 | _aالانتاج المسرحى |
| 650 | 0 | 4 | _aالاخراج الفنى |
| 942 |
_2ddc _cBK |
||
| 999 |
_c58531 _d58531 |
||